00623nam a2200157 a 450000100100000000500170001000800410002704000250006808200150009310000290010824500920013726000360022930000290026550000420029450001290033600002583020200930024101.0110223s1994 dr a 000 0 spa d aDO-SdBNPbspacBNPHU axxxbG216s1 aGarcía Michel, Eduardo13aLa sociedad dominicana :bdonde estamos y hacia donde vamos /cEduardo García Michel. aSanto Domingo :bTaller,c1994. a17 p. :bgraf. ;c22 cm. aIncluye notas al pie de las páginas aConferencia pronunciada en la reunión de la Asociación de Mocanos Residentes en Santo Domingo el 26 de noviembre de 1993